| 000 | 03122cam a22004574i 4500 | ||
|---|---|---|---|
| 003 | PE-LiUPU | ||
| 005 | 20250731165442.0 | ||
| 008 | 160914s2016 pe a grm 000 0 spa d | ||
| 035 | _a(Sirsi) a163461 | ||
| 040 |
_aPE-LiUPU _bspa _cPE-LiUPU _erda |
||
| 099 |
_aTIAm 2 _bN94 2016 |
||
| 100 | 1 |
_aNúñez Burga, Reyna Magdalena Fiorela, _eautor |
|
| 245 | 1 |
_aTratamiento de aguas residuales domésticas a nivel familiar, con Humedales Artificiales de flujo subsuperficial Horizontal, mediante la especie macrófita emergente Cyperus Papyrus (Papiro) / _cReyna Magdalena Fiorela Núñez Burga. |
|
| 264 | 0 | _c2016. | |
| 300 |
_a313 hojas : _bilustraciones; _c30 cm |
||
| 336 |
_atext _2rdacontent |
||
| 337 |
_aunmediated _2rdamedia |
||
| 338 |
_avolume _2rdacarrier |
||
| 502 |
_aTesis _b(Lic.) -- _cUniversidad Peruana Unión, _d2016. |
||
| 504 | _aIncluye referencias | ||
| 520 | 3 | _aEl propósito de la investigación fue determinar la eficiencia de remoción de las aguas residuales domésticas mediante Humedales Artificiales de Flujo Subsuperficial Horizontal. La investigación consistió en tres etapas: el diseño del humedal, construcción del humedal y análisis de datos mediante la prueba T-Student para muestras relacionadas, utilizando el programa Stalistica. Las dimensiones del humedal fueron obtenidas a partir del caudal de ingreso (0.03 m3/día) con la Demanda Biológica de Oxígeno (285.10 gr/m3), obteniéndose un largo de 1.20 m, un ancho de 0.60, una altura de 0.60 m y una pendiente del 1%. El análisis de los resultados demostró que existen diferencias significativas (p<0.05) de todos los parámetros físico (Turbidez, pH, conductividad eléctrica, OD, SDT y temperatura), químicos (DBO, DQO, nitrógeno total y fósforo total, 55% de conductividad eléctrica y sólidos disueltos totales, 61% de oxígeno disuelto, 96% de turbidez, 68% de pH y 100% Coliformes totales y fecales. En conclusión, existe eficiencia de remoción de los parámetros físico-químicos y microbiológicos antes de pasar por el sistema de tratamiento mediante humedales artificiales de lujo subsuperficial horizontal, con los parámetros físico-químicos y microbiológicos después de pasar por el sistema de tratamiento, demostrando que dicha agua se encuentran dentro de lo establecido por el Decreto Supremo N° 002-2008-MINAM y la modificatoria el Decreto Supremo N° 05-2015-MINAM, indicando que el agua residual doméstica es apta para ser utilizada en el regadío de pastizales. | |
| 526 | _aSEG44 | ||
| 526 | _aSEG26 | ||
| 526 | _aP151 | ||
| 526 | _aP150 | ||
| 526 | _aP149 | ||
| 526 | _aP146 | ||
| 526 | _aP145 | ||
| 526 | _aP126 | ||
| 526 | _aP125 | ||
| 526 | _aP92 | ||
| 526 | _aP75 | ||
| 526 | _aP74 | ||
| 526 | _aP27 | ||
| 526 | _aP15 | ||
| 650 | 0 | 4 |
_aAguas residuales _xTratamiento por lodos activos |
| 650 | 0 | 4 |
_aAguas residuales _xTratamiento biológico |
| 596 | _a1 | ||
| 942 |
_2ddc _cTESIS |
||
| 999 |
_aTIAM 2 N94 2016 _wALPHANUM _c12336 _iT02019 _lCCODEBUL3 _mBUL _r1 _sY _tTESIS _u2016-9-14 _xINGENIERIA _PP24 _o.STAFF. Tesis _d12336 |
||
| 980 |
_81 _gALBERTO SANCHEZ Responsable de Automatización |
||